Polskie firmy znane na całym świecie #1 - Statystyki

Ogólne statystyki
  • Ten quiz został rozwiązany 65 razy
  • Średni wynik to 8 z 15
Statystyki odpowiedzi
Wskazówka Odpowiedź % Poprawnych
Firma kurierska, która wymyśliła paczkomaty InPost
93%
Koncern paliwowy mający swoje stacje w kilku państwach w Europie Orlen
91%
Podhalańska firma produkująca napoje m.in. o legendarnym smaku jabłko-mięta Tymbark
89%
Jeden z najpopularniejszych producentów czekolady i właściciel sieci pijalni czekolady E.Wedel
86%
Polska alternatywa dla klocków LEGO na świecie Cobi
68%
Polska marka odzieży sportowej odpowiedzialna za tworzenie strojów dla wielu państw na IO 4F
64%
Producent obuwia, którego hasło brzmi "Cena czyni cuda" CCC
61%
Producent puzzli dzielący nazwę (i logo) z jednym z kolorów karcianych Trefl
57%
Studio gier, które wydało tytuły takie jak Cyberpunk czy Wiedźmin CD Projekt
46%
Bydgoska firma produkująca pojazdy szynowe Pesa
38%
Marka odzieżowa specjalizująca się w produkcji garniturów Vistula
38%
Firma wykupiona przez Mondelēz International produkująca Prince Polo Olza
32%
Marka odzieżowa specjalizująca się w produkcji garniturów Bytom
30%
Firma produkująca kawę dla 70 państw, dawniej znana pod nazwą Mokrysz Mokate
13%
Największy producent wódki na świecie, odpowiedzialny m.in. za Żubrówkę CEDC
4%
Nie znaleziono quizów pasujących do podanych kryteriów
Rozkład punktacji
Procent ludzi z każdym wynikiem
Percentyl według liczby udzielonych odpowiedzi
Twoja historia wyników
Nie rozwiązałeś tego quizu